Outcomes Among Patients Undergoing Distal Left Main Percutaneous Coronary Intervention Technique Analysis From the EXCEL Trial
BACKGROUND: Distal left main (LM) coronary artery bifurcation disease increases percutaneous coronary intervention (PCI) procedural complexity and is associated with worse outcomes than isolated ostial/shaft disease. The optimal treatment strategy for distal LM disease is undetermined. We sought to...
Elmentve itt :
| Szerzők: | |
|---|---|
| Dokumentumtípus: | Cikk |
| Megjelent: |
2018
|
| Sorozat: | CIRCULATION-CARDIOVASCULAR INTERVENTIONS
11 No. 10 |
| doi: | 10.1161/CIRCINTERVENTIONS.118.007007 |
| mtmt: | 30343658 |
| Online Access: | http://publicatio.bibl.u-szeged.hu/16897 |
| LEADER | 01964nab a2200385 i 4500 | ||
|---|---|---|---|
| 001 | publ16897 | ||
| 005 | 20191003091112.0 | ||
| 008 | 191003s2018 hu o 0|| zxx d | ||
| 022 | |a 1941-7640 | ||
| 024 | 7 | |a 10.1161/CIRCINTERVENTIONS.118.007007 |2 doi | |
| 024 | 7 | |a 30343658 |2 mtmt | |
| 040 | |a SZTE Publicatio Repozitórium |b hun | ||
| 041 | |a zxx | ||
| 100 | 1 | |a Kandzari David E. | |
| 245 | 1 | 0 | |a Outcomes Among Patients Undergoing Distal Left Main Percutaneous Coronary Intervention Technique Analysis From the EXCEL Trial |h [elektronikus dokumentum] / |c Kandzari David E. |
| 260 | |c 2018 | ||
| 300 | |a Terjedelem: 12 p-Azonosító: e007007 | ||
| 490 | 0 | |a CIRCULATION-CARDIOVASCULAR INTERVENTIONS |v 11 No. 10 | |
| 520 | 3 | |a BACKGROUND: Distal left main (LM) coronary artery bifurcation disease increases percutaneous coronary intervention (PCI) procedural complexity and is associated with worse outcomes than isolated ostial/shaft disease. The optimal treatment strategy for distal LM disease is undetermined. We sought to determine whether outcomes after PCI of LM distal bifurcation lesions are influenced by treatment with a provisional 1-stent versus planned 2-stent technique, and if so, whether such differences are conditioned by the complexity of the LM bifurcation lesion. | |
| 700 | 0 | 1 | |a Gershlick Anthony H. |e aut |
| 700 | 0 | 1 | |a Serruys Patrick W. |e aut |
| 700 | 0 | 1 | |a Leon Martin B. |e aut |
| 700 | 0 | 1 | |a Morice Marie-Claude |e aut |
| 700 | 0 | 1 | |a Simonton Charles A. |e aut |
| 700 | 0 | 1 | |a Lembo Nicholas J. |e aut |
| 700 | 0 | 1 | |a Banning Adrian P. |e aut |
| 700 | 0 | 1 | |a Merkely Béla Péter |e aut |
| 700 | 0 | 1 | |a Boven Ad J. van |e aut |
| 700 | 0 | 1 | |a Ungi Imre |e aut |
| 700 | 0 | 1 | |a Kappetein Arie Pieter |e aut |
| 700 | 0 | 1 | |a Sabik Joseph F., III |e aut |
| 700 | 0 | 1 | |a Généreux Philippe |e aut |
| 700 | 0 | 1 | |a Dressler Ovidiu |e aut |
| 700 | 0 | 1 | |a Stone Gregg W. |e aut |
| 856 | 4 | 0 | |u http://publicatio.bibl.u-szeged.hu/16897/1/2018_Outcomes_CIRCINTERVENTIONS.pdf |z Dokumentum-elérés |